Confederate States - US Map Sudden Death - Statistics

General Stats
  • This quiz has been taken 97 times
  • The average score is 12 of 15
Answers on the Grid
Answers color-coded by a green-red scale on the quiz's grid according to % correct below.
 
Answer Stats
Answer % Correct
97%
95%
95%
92%
89%
89%
89%
89%
88%
86%
83%
78%
66%
52%
49%
No matching quizzes found
Score Distribution
Percent of People with Each Score
Percentile by Number Answered
Your Score History
You have not taken this quiz